[Event "DEN-ch 1989"]
[Site "Aalborg"]
[Date "1989.??.??"]
[Round "6"]
[White "Jakobsen, Ole"]
[Black "Kristiansen, Jens"]
[Result "0-1"]
[WhiteElo "2380"]
[BlackElo "2445"]
[PlyCount "104"]
[EventDate "1989.??.??"]

1. c4 e5 2. g3 d6 3. Bg2 f5 4. d4 Nf6 5. dxe5 dxe5 6. Qxd8+ Kxd8 7. Nf3 Nc6 8.
O-O e4 9. Ng5 Ke8 10. Nc3 h6 11. Nh3 g5 12. Kh1 Bc5 13. b3 Bd4 14. Bb2 Kf7 15.
Rad1 Be6 16. e3 Be5 17. f3 exf3 18. Bxf3 Nb4 19. Bxb7 Rab8 20. Bd5 Nxa2 21.
Nxa2 Bxb2 22. Rxf5 Rxb3 23. Bxe6+ Kxe6 24. Ra5 Ng4 25. Rxa7 Be5 26. Ra6+ Ke7
27. Nc1 Rb2 28. Ra2 Rhb8 29. Rg1 Rxa2 30. Nxa2 Rb2 31. Rg2 Rxg2 32. Kxg2 Nxe3+
33. Kf3 Nxc4 34. Kg4 Kf6 35. Kh5 Kg7 36. Nf2 Ne3 37. Ne4 Nd5 38. h4 Nf6+ 39.
Nxf6 Bxf6 40. Nb4 c5 41. Nd5 c4 42. Ne3 c3 43. Nc2 Be7 44. Na1 Kf6 45. hxg5+
hxg5 46. Kg4 Ke5 47. Kf3 Kd4 48. Ke2 Bd6 49. g4 Ke4 50. Nc2 Bc5 51. Ne1 Be3 52.
Nc2 Bd2 0-1

[Event "DEN-ch 1989"]
[Site "Aalborg"]
[Date "1989.??.??"]
[Round "6"]
[White "Sorensen, Jan"]
[Black "Mortensen, Erling"]
[Result "0-1"]
[WhiteElo "2335"]
[BlackElo "2480"]
[PlyCount "112"]
[EventDate "1989.??.??"]

1. e4 c5 2. Nf3 d6 3. d4 cxd4 4. Nxd4 Nf6 5. Nc3 e6 6. Be2 Be7 7. O-O a6 8. f4
Qc7 9. Kh1 O-O 10. Qe1 b5 11. Bf3 Bb7 12. e5 dxe5 13. fxe5 Nfd7 14. Qg3 Kh8 15.
Bf4 Nc6 16. Nxc6 Bxc6 17. Ne4 Rad8 18. Bg5 Bxg5 19. Nxg5 Bxf3 20. Rxf3 Kg8 21.
Raf1 Nxe5 22. Ne4 f5 23. Ng5 Qd6 24. Re3 f4 25. Qh3 h6 26. Rxe5 hxg5 27. Rxe6
Qd1 28. Ree1 Qxc2 29. Qe6+ Rf7 30. Re2 Qd3 31. Qg4 Re7 32. Ref2 Qd5 33. h4 gxh4
34. Rxf4 Re5 35. Rf7 Rg5 36. Qf3 Qxf3 37. R1xf3 Rd2 38. Rf2 Rgd5 39. Kh2 Rxf2
40. Rxf2 Rd4 41. Rc2 Kh7 42. Rc6 a5 43. Rc5 Rb4 44. b3 a4 45. bxa4 bxa4 46. Ra5
Rc4 47. Kh3 Kh6 48. Ra6+ Kh5 49. Kh2 g5 50. Ra8 Kg4 51. Rg8 Kf4 52. Rf8+ Ke3
53. Rg8 g4 54. Rh8 Kd3 55. Rxh4 Kc2 56. Kg3 Kb2 0-1

[Event "DEN-ch 1989"]
[Site "Aalborg"]
[Date "1989.??.??"]
[Round "7"]
[White "Jelling, Erik"]
[Black "Jakobsen, Ole"]
[Result "0-1"]
[WhiteElo "2355"]
[BlackElo "2380"]
[PlyCount "120"]
[EventDate "1989.??.??"]

1. d4 Nf6 2. c4 c5 3. d5 g6 4. Nc3 d6 5. Nf3 Bg7 6. g3 O-O 7. Bg2 Na6 8. O-O
Nc7 9. h3 Rb8 10. a4 b6 11. e4 Nd7 12. Bf4 a6 13. Qe2 Ne5 14. Nxe5 Bxe5 15. Bh6
Re8 16. f4 Bd4+ 17. Kh2 b5 18. axb5 axb5 19. cxb5 Bd7 20. e5 Bxb5 21. Nxb5 Rxb5
22. f5 Bxe5 23. fxg6 hxg6 24. Qf3 Bf6 25. Bg5 Rxb2 26. Rae1 Ra2 27. h4 Qa8 28.
Kh1 Qa3 29. Re3 Qb2 30. Rb3 Qxg2+ 31. Qxg2 Rxg2 32. Kxg2 Nxd5 33. Bxf6 Nxf6 34.
Rb7 Ng4 35. Ra1 Ne5 36. Raa7 Kf8 37. Kf2 f5 38. Ke3 Kf7 39. Kf4 Kf6 40. Rc7
Nd3+ 41. Kf3 Nb4 42. g4 fxg4+ 43. Kxg4 Nd5 44. Rc6 Ne3+ 45. Kh3 Nf5 46. Ra5 Rh8
47. Raxc5 Rxh4+ 48. Kg2 Rg4+ 49. Kh3 Re4 50. Ra5 g5 51. Rc8 g4+ 52. Kg2 e6 53.
Rg8 d5 54. Ra6 d4 55. Kf2 d3 56. Ra2 g3+ 57. Kf1 Rh4 58. Kg1 Rd4 59. Rd2 e5 60.
Rf8+ Kg5 0-1

[Event "DEN-ch 1989"]
[Site "Aalborg"]
[Date "1989.??.??"]
[Round "7"]
[White "Kristiansen, Jens"]
[Black "Larsen, Bent"]
[Result "1/2-1/2"]
[WhiteElo "2445"]
[BlackElo "2580"]
[PlyCount "92"]
[EventDate "1989.??.??"]

1. c4 c5 2. Nf3 Nc6 3. d4 cxd4 4. Nxd4 Nf6 5. Nc3 e6 6. g3 Bc5 7. Nb3 Be7 8.
Bg2 O-O 9. O-O d6 10. Bf4 a5 11. Rc1 h6 12. e4 e5 13. Be3 Bg4 14. Qd2 a4 15.
Na1 Qa5 16. Nc2 Rfc8 17. f3 Be6 18. Nd5 Qxd2 19. Bxd2 Bd8 20. Rfd1 Bxd5 21.
cxd5 Bb6+ 22. Kf1 Nd4 23. Nxd4 Bxd4 24. Bh3 Rc5 25. Bb4 Rb5 26. Rxd4 exd4 27.
a3 Rxb4 28. axb4 a3 29. bxa3 Rxa3 30. e5 dxe5 31. d6 Rxf3+ 32. Ke2 Rb3 33. Rc8+
Kh7 34. Rc7 Kg6 35. d7 Nxd7 36. Bxd7 Rxb4 37. Be8 Kf5 38. Rxf7+ Ke4 39. Rxb7
d3+ 40. Kd2 Rxb7 41. Bc6+ Kd4 42. Bxb7 e4 43. Bc6 g5 44. Be8 e3+ 45. Kd1 Kc3
46. Bg6 Kd4 1/2-1/2

[Event "DEN-ch 1989"]
[Site "Aalborg"]
[Date "1989.??.??"]
[Round "7"]
[White "Mortensen, Erling"]
[Black "Jacobsen, Bo"]
[Result "1/2-1/2"]
[WhiteElo "2480"]
[BlackElo "2320"]
[PlyCount "40"]
[EventDate "1989.??.??"]

1. e4 e5 2. Nf3 Nc6 3. Bb5 Nf6 4. O-O Nxe4 5. d4 Nd6 6. Bg5 Be7 7. Bxe7 Qxe7 8.
Bxc6 dxc6 9. dxe5 Nf5 10. Nc3 O-O 11. Qd2 h6 12. Qf4 Be6 13. h4 Kh8 14. Ne4 b6
15. c3 Rad8 16. h5 c5 17. Rad1 Rd7 18. Rxd7 Qxd7 19. a3 Ne7 20. Re1 Rd8 1/2-1/2

[Event "DEN-ch 1989"]
[Site "Aalborg"]
[Date "1989.??.??"]
[Round "7"]
[White "Fries Nielsen, Jens Ove"]
[Black "Berg, Klaus"]
[Result "1/2-1/2"]
[WhiteElo "2400"]
[BlackElo "2420"]
[PlyCount "26"]
[EventDate "1989.??.??"]

1. e4 c6 2. d4 d5 3. Nc3 dxe4 4. Nxe4 Bf5 5. Ng3 Bg6 6. Nf3 Nd7 7. Bd3 e6 8.
O-O Ngf6 9. c4 Be7 10. Re1 Bxd3 11. Qxd3 O-O 12. Bf4 Re8 13. Rad1 Nf8 1/2-1/2

[Event "DEN-ch 1989"]
[Site "Aalborg"]
[Date "1989.??.??"]
[Round "7"]
[White "Fries Nielsen, Niels Jorgen"]
[Black "Sorensen, Jan"]
[Result "1/2-1/2"]
[WhiteElo "2340"]
[BlackElo "2335"]
[PlyCount "21"]
[EventDate "1989.??.??"]

1. e4 e6 2. d4 d5 3. Nc3 Bb4 4. Nge2 dxe4 5. a3 Be7 6. Nxe4 Nf6 7. N2g3 O-O 8.
Be2 Nc6 9. Nxf6+ Bxf6 10. c3 e5 11. d5 1/2-1/2

[Event "DEN-ch 1989"]
[Site "Aalborg"]
[Date "1989.??.??"]
[Round "7"]
[White "Schandorff, Lars"]
[Black "Hoi, Carsten"]
[Result "1-0"]
[WhiteElo "2455"]
[BlackElo "2510"]
[PlyCount "115"]
[EventDate "1989.??.??"]

1. d4 d6 2. c4 g6 3. e4 Bg7 4. Nc3 Nf6 5. Be2 O-O 6. Bg5 c6 7. Qd2 a6 8. Rd1 b5
9. a3 bxc4 10. Bxc4 a5 11. Nf3 Bg4 12. Qf4 Bxf3 13. Qxf3 Nbd7 14. Qe2 Qc7 15.
O-O e6 16. Ba2 Rfb8 17. Bc1 d5 18. f3 Rb7 19. Kh1 Rab8 20. Qf2 Qd8 21. Rfe1 Qf8
22. Re2 Bh6 23. e5 Bxc1 24. Rxc1 Qh6 25. f4 Ng4 26. Qg3 Qh5 27. h3 Nh6 28. Qf2
Nf5 29. Kh2 Nh6 30. Kg1 g5 31. Na4 gxf4 32. Rxc6 Kh8 33. Rd2 Rg8 34. Rc3 Rbb8
35. Qxf4 Rg7 36. Rg3 Rxg3 37. Qxg3 Rg8 38. Qc3 Nf5 39. Bb1 Nh4 40. g4 Qg5 41.
Rf2 f5 42. exf6 Nxf6 43. Qg3 h5 44. Qf4 Ne4 45. Bxe4 dxe4 46. Qxg5 Rxg5 47. Rf4
hxg4 48. Rxg4 Nf3+ 49. Kf2 Rd5 50. Nc3 Rd8 51. Rxe4 Nxd4 52. Ke3 Nf5+ 53. Kf4
Rd6 54. Re5 Ra6 55. Na4 Ng7 56. Rb5 Kg8 57. Nc5 Ra7 58. Rb8+ 1-0

[Event "DEN-ch 1989"]
[Site "Aalborg"]
[Date "1989.??.??"]
[Round "8"]
[White "Berg, Klaus"]
[Black "Kristiansen, Jens"]
[Result "1-0"]
[WhiteElo "2420"]
[BlackElo "2445"]
[PlyCount "103"]
[EventDate "1989.??.??"]

1. e4 g6 2. d4 Bg7 3. c3 d6 4. f4 Nf6 5. Bd3 O-O 6. Nf3 Bg4 7. O-O e5 8. Be3
Nc6 9. fxe5 dxe5 10. d5 Ne7 11. c4 c6 12. Nc3 b5 13. dxc6 bxc4 14. Bxc4 Nxc6
15. Qxd8 Raxd8 16. Bc5 Rfe8 17. Ng5 Rd7 18. Nd5 Nxd5 19. exd5 Nd4 20. Bxd4 exd4
21. Bb5 Red8 22. Bxd7 Rxd7 23. Rae1 d3 24. Re8+ Bf8 25. Ne4 Kg7 26. Rxf8 Kxf8
27. Nf6 Be2 28. Nxd7+ Ke7 29. Nc5 d2 30. d6+ Ke8 31. Ra1 h5 32. Kf2 d1=Q 33.
Rxd1 Bxd1 34. Ke3 h4 35. Kd4 f6 36. b4 h3 37. gxh3 Kf7 38. h4 Be2 39. a4 Bf1
40. b5 Be2 41. Ke4 Bc4 42. Kd4 Be2 43. Ne4 Ke6 44. d7 Kxd7 45. Nxf6+ Kd6 46.
Ne4+ Ke6 47. Kc5 Ke5 48. Nd6 Bg4 49. a5 Kf4 50. a6 Ke5 51. Nc4+ Kf4 52. Na5 1-0

[Event "DEN-ch 1989"]
[Site "Aalborg"]
[Date "1989.??.??"]
[Round "8"]
[White "Jakobsen, Ole"]
[Black "Larsen, Bent"]
[Result "0-1"]
[WhiteElo "2380"]
[BlackElo "2580"]
[PlyCount "110"]
[EventDate "1989.??.??"]

1. c4 c5 2. Nf3 Nc6 3. Nc3 Nd4 4. e3 Nxf3+ 5. Qxf3 g6 6. b3 Bg7 7. Bb2 d6 8.
Qd1 Nh6 9. Be2 O-O 10. O-O Nf5 11. Qc2 Bd7 12. Nd5 Bxb2 13. Qxb2 Bc6 14. f4 b5
15. Bf3 Rc8 16. g3 f6 17. Nc3 b4 18. Ne4 Qd7 19. Rae1 a5 20. d3 a4 21. Qf2 Qb7
22. g4 Ng7 23. f5 Ra8 24. Qg2 Ra6 25. Kh1 axb3 26. axb3 Qa8 27. d4 gxf5 28.
gxf5 Kh8 29. Nd2 Bxf3 30. Qxf3 Qxf3+ 31. Rxf3 Ra5 32. d5 Ra2 33. Nf1 Rfa8 34.
e4 Rb2 35. Ree3 Raa2 36. Kg1 Nh5 37. Kh1 Kg7 38. Kg1 Kh6 39. Re1 Ra3 40. Ree3
Kg5 41. Rh3 Ra1 42. Rhf3 Raa2 43. Rh3 Rg2+ 44. Kh1 Rgc2 45. Kg1 Rab2 46. Ref3
Rg2+ 47. Kh1 Rge2 48. Re3 Rxe3 49. Rxe3 Rc2 50. Kg1 Rc3 51. Kf2 Kf4 52. Ke2
Rxe3+ 53. Nxe3 Kxe4 54. Ng4 Nf4+ 55. Kd2 Ng2 0-1

[Event "DEN-ch 1989"]
[Site "Aalborg"]
[Date "1989.??.??"]
[Round "8"]
[White "Jelling, Erik"]
[Black "Mortensen, Erling"]
[Result "1/2-1/2"]
[WhiteElo "2355"]
[BlackElo "2480"]
[PlyCount "68"]
[EventDate "1989.??.??"]

1. d4 Nf6 2. c4 g6 3. Nf3 Bg7 4. g3 O-O 5. Bg2 d6 6. O-O Nbd7 7. Nc3 e5 8. e4
c6 9. h3 Qa5 10. Re1 exd4 11. Nxd4 Ne5 12. Bf1 Re8 13. Bf4 Be6 14. Nxe6 Rxe6
15. a3 Rae8 16. b4 Qd8 17. Be3 a6 18. Rc1 b5 19. cxb5 axb5 20. Bd4 Nc4 21. a4
Nb2 22. Qc2 Nxa4 23. Nxa4 bxa4 24. Qxa4 Rxe4 25. Bxf6 Bxf6 26. Rxe4 Rxe4 27.
Rxc6 Bd4 28. Qc2 Qf6 29. Kg2 Re1 30. Qd2 Qe5 31. Rxd6 Qxd6 32. Qxe1 Qc6+ 33.
Kh2 Qf3 34. Qe2 Qxf2+ 1/2-1/2

[Event "DEN-ch 1989"]
[Site "Aalborg"]
[Date "1989.??.??"]
[Round "8"]
[White "Sorensen, Jan"]
[Black "Schandorff, Lars"]
[Result "0-1"]
[WhiteElo "2335"]
[BlackElo "2455"]
[PlyCount "88"]
[EventDate "1989.??.??"]

1. e4 c5 2. Nf3 d6 3. d4 cxd4 4. Nxd4 Nf6 5. Nc3 a6 6. g3 e5 7. Nde2 b5 8. Bg2
Bb7 9. h3 Nbd7 10. g4 b4 11. Nd5 Nxd5 12. exd5 g6 13. a3 a5 14. Be3 Bg7 15. Qd2
bxa3 16. Rxa3 O-O 17. Bh6 Nb6 18. Bxg7 Kxg7 19. b3 a4 20. O-O Ba6 21. Rfa1 Bxe2
22. Qxe2 axb3 23. cxb3 Rxa3 24. Rxa3 Qc7 25. Qe3 Rb8 26. g5 Rb7 27. Ra6 Nd7 28.
Rc6 Qb8 29. Rc3 Nc5 30. Qf3 Rxb3 31. Qf6+ Kg8 32. Rxb3 Nxb3 33. h4 Nc5 34. Kh2
Qf8 35. Bh3 Ne4 36. Qf3 f5 37. gxf6 Nxf6 38. Be6+ Kg7 39. Qa3 Qe7 40. Qa8 Ne4
41. Qg8+ Kh6 42. Kg2 Qf6 43. f3 Nd2 44. Bg4 e4 0-1

[Event "DEN-ch 1989"]
[Site "Aalborg"]
[Date "1989.??.??"]
[Round "9"]
[White "Kristiansen, Jens"]
[Black "Hoi, Carsten"]
[Result "1/2-1/2"]
[WhiteElo "2445"]
[BlackElo "2510"]
[PlyCount "119"]
[EventDate "1989.??.??"]

1. e4 g6 2. d4 Bg7 3. Nf3 d6 4. Nc3 Nf6 5. h3 O-O 6. Be3 c6 7. a4 d5 8. e5 Ne4
9. Bd3 Nxc3 10. bxc3 c5 11. O-O Nc6 12. Qd2 Qa5 13. Rfb1 cxd4 14. cxd4 Qxd2 15.
Bxd2 f6 16. exf6 Bxf6 17. c3 b6 18. Re1 Bf5 19. Bb5 Na5 20. Bh6 Rfc8 21. Re3
Nc4 22. Bxc4 Rxc4 23. a5 Rac8 24. axb6 axb6 25. Ra3 R4c6 26. g4 Be4 27. Ng5
Bxg5 28. Bxg5 e6 29. f3 Bc2 30. Kg2 b5 31. Be7 Ba4 32. Kg3 Kf7 33. Bb4 Ra8 34.
Ra2 Rca6 35. Rf2 Bb3 36. Rfe2 Re8 37. f4 Ra2 38. Re1 Bc2 39. R3e2 Bb1 40. Rxa2
Bxa2 41. Ra1 Ra8 42. f5 gxf5 43. gxf5 exf5 44. Kf4 Ra6 45. h4 Kf6 46. h5 Ra4
47. Re1 Bc4 48. Re5 Ra1 49. Rxf5+ Ke6 50. Re5+ Kf6 51. Be7+ Kf7 52. Kg5 Ra6 53.
Bb4 h6+ 54. Kf5 Rf6+ 55. Kg4 Re6 56. Rxe6 Kxe6 57. Bf8 Be2+ 58. Kh4 Kf5 59.
Bxh6 Bd1 60. Bc1 1/2-1/2

[Event "DEN-ch 1989"]
[Site "Aalborg"]
[Date "1989.??.??"]
[Round "9"]
[White "Mortensen, Erling"]
[Black "Jakobsen, Ole"]
[Result "1-0"]
[WhiteElo "2480"]
[BlackElo "2380"]
[PlyCount "81"]
[EventDate "1989.??.??"]

1. e4 b6 2. d4 Bb7 3. Bd3 Nf6 4. Qe2 Nc6 5. c3 e5 6. d5 Ne7 7. c4 Ng6 8. g3
Bb4+ 9. Bd2 Bxd2+ 10. Qxd2 Qe7 11. Nc3 c5 12. h4 h5 13. Nge2 d6 14. f3 Nf8 15.
Nd1 N8d7 16. Nec3 g6 17. Bf1 Nh7 18. Bh3 Ndf6 19. a3 Bc8 20. Bxc8 Rxc8 21. O-O
O-O 22. Nf2 Kh8 23. Rae1 Nd7 24. Kg2 f5 25. Qh6 f4 26. Nh3 Ndf6 27. Ng5 Rf7 28.
gxf4 Ng8 29. Qxg6 Rg7 30. Qe6 Qf8 31. fxe5 Nxg5 32. hxg5 Rxg5+ 33. Kf2 Re8 34.
Qxd6 Qf4 35. Ne2 Qh2+ 36. Ke3 Rgxe5 37. Qg6 Qh3 38. Kd2 b5 39. cxb5 Qd7 40. Nc3
R5e6 41. Qxh5+ 1-0

[Event "DEN-ch 1989"]
[Site "Aalborg"]
[Date "1989.??.??"]
[Round "9"]
[White "Fries Nielsen, Jens Ove"]
[Black "Sorensen, Jan"]
[Result "0-1"]
[WhiteElo "2400"]
[BlackElo "2335"]
[PlyCount "88"]
[EventDate "1989.??.??"]

1. b3 Nf6 2. Bb2 g6 3. g4 Bg7 4. Bg2 d5 5. g5 Nh5 6. Bxg7 Nxg7 7. h4 h6 8. c4
dxc4 9. Nc3 hxg5 10. hxg5 Rxh1 11. Bxh1 cxb3 12. Qxb3 c6 13. Nf3 Nd7 14. Ne4
Qa5 15. Qb2 Ne6 16. Rc1 Ndf8 17. Ne5 Qb6 18. Qa3 Qd4 19. Nc4 Nxg5 20. e3 Qh8
21. Ng3 Bg4 22. d4 Qh2 23. Qc5 Qg1+ 24. Kd2 Qxf2+ 25. Kc3 Nfe6 26. Qe5 f6 27.
Ne4 Nxe4+ 28. Qxe4 Bf5 29. Qg2 Qxg2 30. Bxg2 O-O-O 31. Rh1 Ng5 32. Rh4 Be6 33.
Na5 Bxa2 34. e4 Kc7 35. d5 cxd5 36. Kb2 Bc4 37. e5 Bb5 38. exf6 exf6 39. Rh6
Bd3 40. Kc3 Bf5 41. Nb3 Re8 42. Nd4 Be4 43. Bf1 Kd6 44. Nb5+ Ke5 0-1

[Event "DEN-ch 1989"]
[Site "Aalborg"]
[Date "1989.??.??"]
[Round "9"]
[White "Schandorff, Lars"]
[Black "Jacobsen, Bo"]
[Result "1/2-1/2"]
[WhiteElo "2455"]
[BlackElo "2320"]
[PlyCount "27"]
[EventDate "1989.??.??"]

1. c4 Nf6 2. Nc3 g6 3. g3 Bg7 4. Bg2 O-O 5. e3 e5 6. Nge2 Re8 7. d3 c6 8. O-O
Na6 9. h3 Nc7 10. e4 d5 11. cxd5 cxd5 12. f4 dxe4 13. dxe4 Bd7 14. Be3 1/2-1/2

[Event "DEN-ch 1989"]
[Site "Aalborg"]
[Date "1989.??.??"]
[Round "10"]
[White "Jacobsen, Bo"]
[Black "Fries Nielsen, Jens Ove"]
[Result "0-1"]
[WhiteElo "2320"]
[BlackElo "2400"]
[PlyCount "58"]
[EventDate "1989.??.??"]

1. f4 d5 2. Nf3 Bg4 3. e3 Nd7 4. h3 Bxf3 5. Qxf3 c6 6. d4 e6 7. Bd3 Bd6 8. O-O
f5 9. Bd2 Ngf6 10. Be1 c5 11. dxc5 Bxc5 12. Nd2 Qb6 13. Nb3 Bxe3+ 14. Kh1 Bc5
15. c4 O-O 16. cxd5 Nxd5 17. Bc4 N7f6 18. g4 fxg4 19. hxg4 Bd6 20. f5 Rac8 21.
Ba5 Rxc4 22. Bxb6 axb6 23. Rg1 Rf4 24. Qe2 Ne4 25. Raf1 Rf6 26. Qb5 Rh6+ 27.
Kg2 Rh2+ 28. Kxh2 Rf2+ 29. Kh3 Rh2# 0-1

[Event "DEN-ch 1989"]
[Site "Aalborg"]
[Date "1989.??.??"]
[Round "10"]
[White "Jakobsen, Ole"]
[Black "Berg, Klaus"]
[Result "1/2-1/2"]
[WhiteElo "2380"]
[BlackElo "2420"]
[PlyCount "48"]
[EventDate "1989.??.??"]

1. c4 Nf6 2. Nc3 c5 3. g3 d5 4. cxd5 Nxd5 5. Bg2 Nc7 6. Nf3 Nc6 7. O-O e5 8. d3
Be7 9. Nd2 Bd7 10. Nc4 f6 11. f4 b5 12. Ne3 Rc8 13. a4 b4 14. Ne4 f5 15. Nd2
O-O 16. Ndc4 exf4 17. gxf4 Qe8 18. Kh1 Rf6 19. Ne5 Nxe5 20. fxe5 Rf8 21. Qe1
Qh5 22. Bf3 Qh3 23. Bg2 Qh5 24. Bf3 Qh3 1/2-1/2

[Event "DEN-ch 1989"]
[Site "Aalborg"]
[Date "1989.??.??"]
[Round "10"]
[White "Jelling, Erik"]
[Black "Schandorff, Lars"]
[Result "1/2-1/2"]
[WhiteElo "2355"]
[BlackElo "2455"]
[PlyCount "46"]
[EventDate "1989.??.??"]

1. d4 Nf6 2. c4 e6 3. Nc3 Bb4 4. e3 b6 5. Nge2 Ne4 6. Qc2 Bb7 7. a3 Bxc3+ 8.
Nxc3 Nxc3 9. Qxc3 O-O 10. b4 d6 11. Bb2 Nd7 12. d5 e5 13. Be2 Qe7 14. O-O f5
15. Rae1 c6 16. dxc6 Bxc6 17. f4 Rac8 18. Bd3 Qe6 19. Qc2 Be4 20. Bxe4 fxe4 21.
Qxe4 Rxc4 22. Qd3 Re8 23. fxe5 Nxe5 1/2-1/2

[Event "DEN-ch 1989"]
[Site "Aalborg"]
[Date "1989.??.??"]
[Round "10"]
[White "Mortensen, Erling"]
[Black "Fries Nielsen, Niels Jorgen"]
[Result "0-1"]
[WhiteElo "2480"]
[BlackElo "2340"]
[PlyCount "80"]
[EventDate "1989.??.??"]

1. e4 e5 2. Nf3 Nc6 3. Bb5 Nge7 4. O-O d6 5. d4 exd4 6. Nxd4 Bd7 7. Nc3 Nxd4 8.
Bxd7+ Qxd7 9. Qxd4 Nc6 10. Qd3 Be7 11. Nd5 O-O 12. b3 Ne5 13. Qg3 f5 14. f4 Ng6
15. Bb2 Bd8 16. exf5 Qxf5 17. Qc3 Rf7 18. Ne3 Qe4 19. Qd2 Nxf4 20. c4 Bg5 21.
Kh1 Raf8 22. Rad1 b6 23. Nd5 Nh3 24. Rxf7 Rxf7 25. Qe1 Nf2+ 26. Kg1 Qxe1+ 27.
Rxe1 h6 28. Bd4 Nd3 29. Re8+ Kh7 30. g3 c6 31. Nc3 c5 32. Be3 Bf6 33. Nd5 Be5
34. Re7 Rxe7 35. Nxe7 Nb4 36. a4 Nc2 37. Bf2 Na1 38. Nc6 Nxb3 39. Nxa7 Nd2 40.
Nc8 Nxc4 0-1

[Event "DEN-ch 1989"]
[Site "Aalborg"]
[Date "1989.??.??"]
[Round "10"]
[White "Sorensen, Jan"]
[Black "Kristiansen, Jens"]
[Result "0-1"]
[WhiteElo "2335"]
[BlackElo "2445"]
[PlyCount "84"]
[EventDate "1989.??.??"]

1. e4 g6 2. d4 Bg7 3. Nc3 c6 4. Bc4 d6 5. Qf3 e6 6. Nge2 Nd7 7. Bf4 Qe7 8. Qg3
e5 9. Be3 Ngf6 10. f4 exd4 11. Nxd4 Nc5 12. e5 dxe5 13. fxe5 Nfe4 14. Qf3 Nxc3
15. bxc3 O-O 16. O-O Bxe5 17. Bh6 Bg7 18. Rae1 Ne6 19. Bxg7 Kxg7 20. Qe3 Qd6
21. Nxe6+ Bxe6 22. Rd1 Qe7 23. Qe5+ Kg8 24. Rde1 Rae8 25. Rf6 Qd7 26. Rxe6 Rxe6
27. Bxe6 Qxe6 28. Qxe6 fxe6 29. Rxe6 Kf7 30. Re4 Rd8 31. Kf2 Rd2+ 32. Re2 Rxe2+
33. Kxe2 Ke6 34. c4 Kd6 35. Kd3 Kc5 36. Kc3 g5 37. g4 a5 38. a3 b5 39. cxb5
cxb5 40. Kb3 Kd4 41. h3 h6 42. Kb2 a4 0-1

[Event "DEN-ch 1989"]
[Site "Aalborg"]
[Date "1989.??.??"]
[Round "11"]
[White "Berg, Klaus"]
[Black "Hoi, Carsten"]
[Result "1/2-1/2"]
[WhiteElo "2420"]
[BlackElo "2510"]
[PlyCount "32"]
[EventDate "1989.??.??"]

1. e4 d6 2. Nc3 g6 3. f4 Bg7 4. Nf3 Nf6 5. d3 O-O 6. g3 Nc6 7. Bg2 Bg4 8. h3
Bxf3 9. Qxf3 e6 10. O-O Nd7 11. g4 f5 12. exf5 exf5 13. g5 Nb6 14. Re1 Qd7 15.
Be3 Rae8 16. Kf1 Rf7 1/2-1/2

[Event "DEN-ch 1989"]
[Site "Aalborg"]
[Date "1989.??.??"]
[Round "11"]
[White "Kristiansen, Jens"]
[Black "Jacobsen, Bo"]
[Result "1-0"]
[WhiteElo "2445"]
[BlackElo "2320"]
[PlyCount "57"]
[EventDate "1989.??.??"]

1. e4 e5 2. Nf3 Nc6 3. Bb5 a6 4. Ba4 f5 5. d4 exd4 6. e5 Bc5 7. O-O Nge7 8. c3
dxc3 9. Nxc3 O-O 10. a3 Kh8 11. b4 Ba7 12. Bb3 Qe8 13. Bb2 b5 14. Ne2 f4 15.
Qd2 Bb7 16. Nxf4 Ng6 17. Nxg6+ Qxg6 18. Bd5 Rae8 19. Rae1 Nd4 20. Bxb7 Nxf3+
21. Bxf3 Rxf3 22. Qxd7 Ref8 23. Kh1 R3f7 24. Qd2 Bxf2 25. Rd1 Qh5 26. h3 Rf3
27. Qd7 h6 28. Rd3 R8f7 29. Qe8+ 1-0

[Event "DEN-ch 1989"]
[Site "Aalborg"]
[Date "1989.??.??"]
[Round "11"]
[White "Fries Nielsen, Niels Jorgen"]
[Black "Jakobsen, Ole"]
[Result "0-1"]
[WhiteElo "2340"]
[BlackElo "2380"]
[PlyCount "154"]
[EventDate "1989.??.??"]

1. d4 c5 2. c3 e6 3. Nf3 Nf6 4. Bg5 b6 5. e3 Bb7 6. Nbd2 Be7 7. Bd3 d6 8. Qc2
Nbd7 9. O-O h6 10. Bxf6 Nxf6 11. Qa4+ Nd7 12. Ba6 Qc8 13. Bxb7 Qxb7 14. c4 O-O
15. b4 cxd4 16. exd4 Rfc8 17. Rab1 a6 18. Qb3 Nf6 19. Rfe1 Bf8 20. Qd3 Qc6 21.
h3 Ra7 22. Qe3 Qa8 23. a3 Rac7 24. Qd3 Qc6 25. a4 Qxa4 26. Ra1 Qd7 27. Rxa6 b5
28. cxb5 Nd5 29. Qe2 Nc3 30. Qd3 Nxb5 31. d5 exd5 32. Qxd5 Nc3 33. Qd3 Rb7 34.
Ra3 Nb5 35. Ra5 Qc6 36. Qf5 g6 37. Qg4 Bg7 38. Ra6 Qc7 39. Qe4 Nc3 40. Qd3 d5
41. h4 Rxb4 42. h5 g5 43. g3 Rb6 44. Rxb6 Qxb6 45. Qf5 Rd8 46. Ne5 Qe6 47. Qd3
Bxe5 48. Nf3 Ne4 49. Rxe4 Qf5 50. Re3 Qxd3 51. Rxd3 Bg7 52. Kf1 Kf8 53. Ke2 Ke7
54. Rb3 Rc8 55. Rb7+ Ke6 56. Rb6+ Kd7 57. Ne1 Re8+ 58. Kd2 Bd4 59. Rb7+ Ke6 60.
Nd3 Ra8 61. Rc7 Ra2+ 62. Ke1 g4 63. Rb7 f6 64. Kf1 Rd2 65. Nf4+ Kf5 66. Ne2 Be5
67. Rb5 Rd1+ 68. Kg2 Re1 69. Ng1 Ke4 70. Rb3 d4 71. f3+ gxf3+ 72. Nxf3 Re2+ 73.
Kf1 d3 74. Ng1 Ra2 75. Nh3 Bxg3 76. Rb4+ Kf3 77. Rb1 Ke3 0-1

[Event "DEN-ch 1989"]
[Site "Aalborg"]
[Date "1989.??.??"]
[Round "11"]
[White "Schandorff, Lars"]
[Black "Mortensen, Erling"]
[Result "1/2-1/2"]
[WhiteElo "2455"]
[BlackElo "2480"]
[PlyCount "120"]
[EventDate "1989.??.??"]

1. c4 Nf6 2. Nc3 g6 3. e4 d6 4. d4 Bg7 5. Be2 O-O 6. Bg5 Nbd7 7. Qd2 c6 8. f3
a6 9. Nh3 b5 10. Nf2 bxc4 11. Bxc4 d5 12. Be2 dxe4 13. fxe4 e5 14. dxe5 Nxe5
15. Rd1 Qxd2+ 16. Rxd2 Be6 17. O-O a5 18. b3 Nfd7 19. Na4 Rfb8 20. Be3 Bf8 21.
Rc1 Rb4 22. Rdc2 f6 23. h3 h5 24. Bd2 Rbb8 25. Nd3 Nxd3 26. Bxd3 Ne5 27. Be2
Kh7 28. Rf1 Bg7 29. Bf4 Rd8 30. Bxe5 fxe5 31. Rxc6 Bd7 32. Rc7 Rac8 33. Rxc8
Rxc8 34. Nb6 Rc2 35. Bd3 Rd2 36. Nxd7 Rxd3 37. Nb6 Rd4 38. Nc4 Rxe4 39. Nxa5
Re2 40. Rf2 Re1+ 41. Rf1 Re2 42. a4 e4 43. Rf7 Kg8 44. Kf1 Rb2 45. Re7 Rb1+ 46.
Ke2 Rb2+ 47. Kf1 Rb1+ 48. Ke2 Rb2+ 49. Kd1 Rxg2 50. Rxe4 g5 51. Re3 g4 52. hxg4
hxg4 53. Nc6 Bh6 54. Rd3 g3 55. Ke1 Bf4 56. Nd4 Rh2 57. Nf3 Rh1+ 58. Ke2 Rb1
59. a5 Bc7 60. Nh4 Ra1 1/2-1/2